LEADER 00994nam a2200205 i 4500 001 000000056972 003 CaOOAMICUS 005 20131028000000.0 008 131028s1770 xx u000 u mul u 013 $a28144 026 $al-in r-de erm- veni (3) 1770 (R) 040 $aSeMil$bita 245 10$aTome 1. 300 $a[4], LXXXIX, [1], 301, [3] p., [1] carta di tav. :$bantip. xilogr. 500 $aSegn. : pigreco2 a-c12 d6 e4 A-M12 N8. 773 0 $aYoung, Edward <1683-1765>$tNuits d'Young, traduites de l'anglois, par m. Le Tourneur. Tome 1. [-3.].$bTroisieme édition, corrigée & augmentée du Triomphe de la religion = Terza edizione, corretta ed accresciuta del Trionfo della Religione$dA Marseille : Chez Jean Mossy, imprimeur de la Marine, & libraire, au Parc, 1770.$g1$w()28980 850 $aSeMil 852 $aSeMil$W1$xVenegono$y1$m2R I 127 FA$j23126$B23126$CSeMilBibl$Z2$F23128 $8I 961 $aSottoscrizione: Casa editrice 996 $6245$aTome 1$9(OLS)http://semarc/title/1447 LEADER 01878nam a2200361 i 4500 001 000000011147 003 CaOOAMICUS 005 20180830125440.0 008 180830s1838 it u000 u ita u 040 $aSeMil$bita 245 10$aBreviarium romanum ex decreto sacrosancti Concilii tridentini restitutum s. Pii 5. pontificis maximi jussu editum Clementis 8. et Urbani 8. auctoritate recognitum cum officiis sanctorum novissime per summos pontifices usque ad hanc diem concessis . 260 $aFlorentiae :$bTypis Caietani Ducci et fil.,$c1838. 300 $a4 v. ;$c15 cm. 650 4$aLibri liturgici - Liturgia delle Ore - Rito romano.$0(OLS)http://semarc/subject/59247 650 4$aLibri liturgici - Breviario romano.$0(OLS)http://semarc/subject/59263 700 0 $aPius V,$c.$0(OLS)http://semarc/name/3050 700 0 $aClemens VIII,$c.$0(OLS)http://semarc/name/3051 700 0 $aUrbanus VIII,$c.$0(OLS)http://semarc/name/3052 710 2 $aChiesa Cattolica.$0(OLS)http://semarc/name/987 774 0 $tPars verna.$g1$w()248096 774 0 $tPars autumnalis.$g4$w()248097 774 0 $tPars hyemalis.$g2$w()248098 774 0 $tPars aestiva.$g3$w()248099 900 0 $aPio V$c. 900 0 $aUrbano VIII$c. 900 0 $aClemente VIII$c. 910 2 $aSanta Sede. 996 $6245$aBreviarium romanum ex decreto sacrosancti Concilii tridentini restitutum s. Pii 5. pontificis maximi jussu editum Clementis 8. et Urbani 8. auctoritate recognitum cum officiis sanctorum novissime per summos pontifices usque ad hanc diem concessis .$9(OLS)http://semarc/title/14723 996 $6260$aFlorentiae :$bTypis Caietani Ducci et fil.$9(OLS)http://semarc/publisher/33069